Procesos de descontaminación de aguas : cálculos informáticos avanzados /

Guardat en:
Dades bibliogràfiques
Autor principal: Gil Rodríguez, Manuel (autor)
Format: Llibre
Idioma:espanyol
Publicat: Madrid, España : Thomson, 2005, c2005
Matèries:
Etiquetes: Afegir etiqueta
Sense etiquetes, Sigues el primer a etiquetar aquest registre!

MARC

LEADER 00000nam^a2200000^a^4500
001 000194636
005 20250521000000.0
009 20260310102725.376
020 |a 84-9732-357-2 
037 |a Acervo ITESO - Biblioteca 
041 |a ESP 
082 |a 628. 162015118  |b GIL 
100 |a Gil Rodríguez, Manuel  |e (autor) 
245 1 0 |a Procesos de descontaminación de aguas :  |b cálculos informáticos avanzados /  |c M. Gil Rodríguez. 
264 4 |a Madrid, España :  |b Thomson,  |c 2005, c2005 
300 |a XII, 263 p. 
336 |a texto  |b txt  |2 rdacontenido 
337 |a sin mediación  |b n  |2 rdamedio 
338 |a volumen  |b nc  |2 rdasoporte 
649 |a XX 
650 |a Agua -  |x Tratamiento y Reciclaje -  |x Modelos Matemáticos -  |x Tema Principal 
650 |a Agua -  |x Contaminación 
650 |a Sedimentación 
650 |a Contaminación Ambiental 
650 |a Modelos Matemáticos 
650 |a Química del Agua 
650 |a Ingeniería Sanitaria 
650 |a Ingeniería Ambiental 
910 |a Fondo General 
920 |a Impresos - Libros 
930 |a Colección General 
905 |a 101 
901 |a 0500139736  |b IT1  |c ACC  |u 20250521 
902 |a https://opac.biblio.iteso.mx/vufind/Record/000194636